<?xml version="1.0" encoding="UTF-8"?>
<record
    xmlns:xsi="http://www.w3.org/2001/XMLSchema-instance"
    xsi:schemaLocation="http://www.loc.gov/MARC21/slim http://www.loc.gov/standards/marcxml/schema/MARC21slim.xsd"
    xmlns="http://www.loc.gov/MARC21/slim">

  <leader>01894cam a22002653a 4500</leader>
  <controlfield tag="001">19721</controlfield>
  <controlfield tag="003">PGUSA</controlfield>
  <controlfield tag="005">20140828083422.0</controlfield>
  <controlfield tag="008">061105s2006||||xxu|||||s|||||000 | eng d</controlfield>
  <datafield tag="040" ind1=" " ind2=" ">
    <subfield code="a">PGUSA</subfield>
    <subfield code="b">eng</subfield>
  </datafield>
  <datafield tag="042" ind1=" " ind2=" ">
    <subfield code="a">dc</subfield>
  </datafield>
  <datafield tag="050" ind1=" " ind2="4">
    <subfield code="a">PE</subfield>
  </datafield>
  <datafield tag="245" ind1="1" ind2="4">
    <subfield code="a">The Literary World Seventh Reader</subfield>
    <subfield code="h">[electronic resource]</subfield>
  </datafield>
  <datafield tag="260" ind1=" " ind2=" ">
    <subfield code="b">Project Gutenberg,</subfield>
    <subfield code="c">2006</subfield>
  </datafield>
  <datafield tag="505" ind1="0" ind2=" ">
    <subfield code="a">Rip Van Winkle, by Irving -- The Great Stone Face, by Hawthorne -- The Courtship of Miles Standish, by Longfellow -- The Friendship of Nantaquas, by Johnston -- Harry Esmond's Boyhood, by Thackeray -- The Family Holds Its Head Up, by Goldsmith -- The Little Boy in the Balcony, by Grady -- Ariel's Triumph, by Tarkington -- The Cloud, by Shelley -- New England Weather, by Twain -- The First Snowfall, by Lowell -- Old Ephraim, by Roosevelt -- Midwinter, by Trowbridge -- A Georgia Fox Hunt, by Harris -- Rain and Wind, by Cawein -- The Southern Sky, by Maury -- Daffodils, by Wordsworth -- Dawn, by Everett -- Spring, by Timrod -- Among the Cliffs, by Craddock -- A Deal in Bears, by Hyne -- Lochinvar, by Scott -- In Labrador, by Wells -- The Bugle Song, by Tennyson -- The Siege of the Castle, by Scott -- Sea Fever, by Masefield -- A Greyport Legend, by Harte -- A Hunt Beneath The Ocean, by Verne -- Under Seas, by Tolstoi -- A Voyage to the Moon, by Poe -- The Great Stone of Sardis, by Stockton -- A Stop At Suzanne's, by Clover -- The Making of a Man, by Locke -- In Flanders Fields, by McCrae -- In Flanders Fields (An Answer), by Galbraith -- A Ballad Of Heroes, by Dobson.</subfield>
  </datafield>
  <datafield tag="506" ind1=" " ind2=" ">
    <subfield code="a">Public domain in the USA.</subfield>
  </datafield>
  <datafield tag="516" ind1=" " ind2=" ">
    <subfield code="a">Electronic text</subfield>
  </datafield>
  <datafield tag="653" ind1=" " ind2=" ">
    <subfield code="a">Readers</subfield>
  </datafield>
  <datafield tag="700" ind1="1" ind2=" ">
    <subfield code="a">Withers, Sarah</subfield>
  </datafield>
  <datafield tag="700" ind1="1" ind2=" ">
    <subfield code="a">Browne, Hetty Sibyl,</subfield>
    <subfield code="d">1875-1966</subfield>
  </datafield>
  <datafield tag="700" ind1="1" ind2=" ">
    <subfield code="a">Metcalf, John Calvin,</subfield>
    <subfield code="d">1865-1949</subfield>
  </datafield>
  <datafield tag="830" ind1=" " ind2="0">
    <subfield code="a">Project Gutenberg</subfield>
    <subfield code="v">19721</subfield>
  </datafield>
  <datafield tag="856" ind1="4" ind2="0">
    <subfield code="u">http://www.gutenberg.org/ebooks/19721</subfield>
  </datafield>
  <datafield tag="942" ind1=" " ind2=" ">
    <subfield code="c">EB</subfield>
  </datafield>
  <datafield tag="999" ind1=" " ind2=" ">
    <subfield code="c">248976</subfield>
    <subfield code="d">248976</subfield>
  </datafield>
  <datafield tag="952" ind1=" " ind2=" ">
    <subfield code="0">0</subfield>
    <subfield code="1">0</subfield>
    <subfield code="4">0</subfield>
    <subfield code="a">GTB</subfield>
    <subfield code="b">GTB</subfield>
    <subfield code="d">2014-08-28</subfield>
    <subfield code="l">0</subfield>
    <subfield code="r">2014-08-28 00:00:00</subfield>
    <subfield code="w">2014-08-28</subfield>
    <subfield code="y">EB</subfield>
  </datafield>
</record>
